000 00511nam a22001457a 4500
020 _a978-1-40832-414-1
082 _a823
_bBLA/S
100 _aBLADE, ADAM
245 _aSEA QUEST
_bMANGLER THE DARK MENACE
260 _aUNITED KINGDOM
_bORCHARD
300 _a119
520 _aThe book is about a boy called Max in the city of Aquora with special powers and his dogbot. Very soon Max is joined with a companion by the name of Lia (who rides on a swordfish).
650 _aADVENTURE
_zUNITED KINGDOM
942 _cBK
999 _c5992
_d5992